000 01235nam a22002177a 4500
999 _c63241
_d63241
003 Ge_BSU
005 20250702171956.0
008 250702s1977 ge ||||| |||| 00| 0 geo d
041 _ageo
080 _a141.82: 331: 330.342.151 ს-74
245 _aსოციალიზმი და შრომა :
_b სასწავლო დამხმარე სახელმძღვანელო კოლმეურნეებისა და საბჭოთა მეურნეობათა მუშებისათვის /
_cავტ.: ვ. ბაშმაჩნიკოვი და სხვ
250 _aმე-2 შევსებული გამოცემა.
264 _aთბილისი :
_bსაბჭ. საქართველო,
_c1977.
300 _a239 გვ. ;
_b 20 სმ.
440 _aეკონომიკური განათლების სისტემა
_925602
653 _aსოციალისტური წარმოების წესი.
653 _aსოციალიზმი.
653 _aშრომა.
700 _aბაშმაჩნიკოვი, ვ.
_eდა სხვ.
_925603
942 _2udc
_cᲬᲘᲒᲜᲘ